HEIR OF FIRE (Record no. 8614)
[ view plain ]
| 000 -LEADER | |
|---|---|
| fixed length control field | 00590nam a22001577a 4500 |
| 020 ## - INTERNATIONAL STANDARD BOOK NUMBER | |
| ISBN | 978-1-4088-3912-6 |
| 082 ## - DEWEY DECIMAL CLASSIFICATION NUMBER | |
| Classification number | 823 |
| Item number | MAA/H |
| 100 ## - MAIN ENTRY--AUTHOR NAME | |
| Personal name | MAAS,SARAH J |
| 245 ## - TITLE STATEMENT | |
| Title | HEIR OF FIRE |
| 246 ## - VARYING FORM OF TITLE | |
| Title proper/short title | HEIR OF FIRE |
| Remainder of title | HEIR OF FIRE |
| 260 ## - PUBLICATION, DISTRIBUTION, ETC. (IMPRINT) | |
| Place of publication | LONDON |
| Name of publisher | BLOOMSBURY |
| Year of publication | 2014 |
| 300 ## - PHYSICAL DESCRIPTION | |
| Number of Pages | 557 |
| 520 ## - SUMMARY, ETC. | |
| Summary, etc | Heir of Fire follows Celaena/Aelin's journey to Wendlyn, while Chaol explores Ardalan's mysteries and Dorian tries to learn to control his magic. It also introduces Manon, a witch, leader of a ruthless band of witches known as the Thirteen. |
| 650 ## - SUBJECT ADDED ENTRY--TOPICAL TERM | |
| Topical Term | ENGLISH FANTACY NOVEL |
| 942 ## - ADDED ENTRY ELEMENTS (KOHA) | |
| Koha item type | Books |
| Withdrawn status | Lost status | Collection code | Home library | Current library | Shelving location | Date acquired | Source of acquisition | Cost, normal purchase price | Full call number | Accession Number | Koha item type |
|---|---|---|---|---|---|---|---|---|---|---|---|
| Fiction | Main Library | Main Library | NEW SHELF WITH NEW ENTRY | 26/10/2023 | PURCHASED | 599.00 | 823 MAA/H | 13218 | Books |